Dzielnice Puław - Statystyki

Ogólne statystyki
  • Ten quiz został rozwiązany 55 razy
  • Średni wynik to 4 z 17
Statystyki odpowiedzi
Hint Odpowiedź % Poprawnych
15. Włostowice
93%
16. Wólka Profecka
38%
3. Górna Niwa
35%
4. Kolejowa
28%
9. Michałówka
20%
10. Mokradki
18%
12. Puławska Wieś
18%
1. Działki
15%
6. Leśniczówka Ruda
15%
13. Puławy Fabryczne
15%
14. Ruda Czechowska
15%
17. Zarzecze
15%
5. Las-Ruda
13%
8. Marynki
13%
7. Majdan
10%
11. Płużki
10%
2. Gajówka-Piaski
8%
Nie znaleziono quizów pasujących do podanych kryteriów
Rozkład punktacji
Procent ludzi z każdym wynikiem
Percentyl według liczby udzielonych odpowiedzi
Twoja historia wyników
Nie rozwiązałeś tego quizu